<?xml version="1.0" encoding="UTF-8"?>
<marc:record xmlns:marc="http://www.loc.gov/MARC21/slim">
   <marc:leader>00000nam a2200000 a 4500</marc:leader>
   <marc:datafield ind1="1" ind2=" " tag="100">
      <marc:subfield code="a">Helle, Karin</marc:subfield>
      <marc:subfield code="4">ctb</marc:subfield>
      <marc:subfield code="e">Mitwirkende/-r</marc:subfield>
   </marc:datafield>
   <marc:datafield ind1="1" ind2=" " tag="100">
      <marc:subfield code="a">Breitenfeldt, Tom</marc:subfield>
      <marc:subfield code="4">ctb</marc:subfield>
      <marc:subfield code="e">Mitwirkende/-r</marc:subfield>
   </marc:datafield>
   <marc:datafield ind1=" " ind2=" " tag="653">
      <marc:subfield code="a">Fußball</marc:subfield>
   </marc:datafield>
   <marc:datafield ind1=" " ind2=" " tag="653">
      <marc:subfield code="a">Softcover / Kinder- und Jugendbücher/Sachbücher</marc:subfield>
   </marc:datafield>
   <marc:datafield ind1=" " ind2=" " tag="653">
      <marc:subfield code="a">Sachbilderbücher/Sonstiges</marc:subfield>
   </marc:datafield>
   <marc:datafield ind1=" " ind2=" " tag="653">
      <marc:subfield code="a">Kindersachbuch</marc:subfield>
   </marc:datafield>
   <marc:datafield ind1="0" ind2="0" tag="245">
      <marc:subfield code="a">Spiel, Schuss und Tor</marc:subfield>
   </marc:datafield>
   <marc:datafield ind1="0" ind2="0" tag="245">
      <marc:subfield code="b">so wirst du ein Fußballprofi ; [mit tollem Fußball-Quizspiel</marc:subfield>
   </marc:datafield>
   <marc:datafield ind1="0" ind2="0" tag="245">
      <marc:subfield code="c">mit einem Vorw. von Joachim Löw. Texte von Karin Helle und Claus-Peter Niem. Mit Zeichn. von Tom Breitenfeldt</marc:subfield>
   </marc:datafield>
   <marc:datafield ind1=" " ind2="1" tag="264">
      <marc:subfield code="a">Mannheim</marc:subfield>
      <marc:subfield code="b">Meyers</marc:subfield>
      <marc:subfield code="c">2010</marc:subfield>
   </marc:datafield>
   <marc:datafield ind1="1" ind2=" " tag="520">
      <marc:subfield code="a">Angaben aus der Verlagsmeldung

Spiel, Schuss und Tor : So wirst du ein Fußballprofi / von Karin Helle, Claus P Niem

Diese Kombination aus Buch und Spiel ist das optimale Trainingsprogramm für angehende Fußballprofis! Im Buch finden Fußballfans alles Wissenswerte und tolle Farbfotos rund um ihren Lieblingssport: Training, Taktik, Regeln, Vereinsfußball, Mädchen- und Frauenfußball, berühmte Spieler, Meisterschaften und Nationalmannschaften. Im Quizspiel ist dann Fußballwissen gefragt: Wie breit ist ein Fußballtor? Wo findet jedes Jahr das Endspiel um den DFB-Pokal statt? Und wie heißt die Weltfußballerin des Jahres 2005? Durch Aktivkarten können die kleinen Fußballer beim Spielen auch ihre eigenen Balltricks und Dribbelkünste unter Beweis stellen. Mit einem Vorwort von Joachim Löw!
</marc:subfield>
   </marc:datafield>
   <marc:datafield ind1=" " ind2=" " tag="020">
      <marc:subfield code="a">9783411078226</marc:subfield>
      <marc:subfield code="9">9783411078226</marc:subfield>
   </marc:datafield>
   <marc:datafield ind1=" " ind2=" " tag="041">
      <marc:subfield code="a">ger</marc:subfield>
   </marc:datafield>
</marc:record>
